How is public housing policy implemented in China?: A tentative analysis of the local implementation of four major programs (Record no. 511744)

000 -LEADER
fixed length control field 00546nam a2200145 4500
008 - FIXED-LENGTH DATA ELEMENTS--GENERAL INFORMATION
fixed length control field 191007b ||||| |||| 00| 0 eng d
100 ## - MAIN ENTRY--PERSONAL NAME
Personal name Fan, Yongmao
245 ## - TITLE STATEMENT
Title How is public housing policy implemented in China?: A tentative analysis of the local implementation of four major programs
260 ## - PUBLICATION, DISTRIBUTION, ETC. (IMPRINT)
Name of publisher, distributor, etc American Review of Public Administration
300 ## - PHYSICAL DESCRIPTION
Extent 49(3), Apr, 2019: p.372-385.
700 ## - ADDED ENTRY--PERSONAL NAME
Personal name Yang, Hongshan
9 (RLIN) 12002
773 ## - HOST ITEM ENTRY
Main entry heading American Review of Public Administration
906 ## - LOCAL DATA ELEMENT F, LDF (RLIN)
Subject DIP Public housing - China
942 ## - ADDED ENTRY ELEMENTS (KOHA)
Source of classification or shelving scheme
Item type Articles

No items available.

Powered by Koha